Chemitry and uses of pesticides

Đã lưu trong:
Sonraí Bibleagrafaíochta
Príomhúdar: Ong, E. R. de
Formáid: Leabhar
Teanga:Undetermined
Foilsithe: New York Reinhold publishing corporation 1956
Ábhair:
Clibeanna: Cuir Clib Leis
Gan Chlibeanna, Bí ar an gcéad duine leis an taifead seo a chlibeáil!
Thư viện lưu trữ: Trung tâm Học liệu Trường Đại học Cần Thơ
LEADER 00488nam a2200181Ia 4500
001 CTU_80779
008 210402s9999 xx 000 0 und d
082 |a 632.951 
082 |b O58 
100 |a Ong, E. R. de 
245 0 |a Chemitry and uses of pesticides 
245 0 |c E. R. de Ong 
260 |a New York 
260 |b Reinhold publishing corporation 
260 |c 1956 
650 |a Insecticides 
904 |i Trọng Hải 
980 |a Trung tâm Học liệu Trường Đại học Cần Thơ